| Tag |
First Indicator |
Second Indicator |
Subfields |
| LEADER |
00000cam a22000001a 4500 |
| 001 |
in00003412813 |
| 006 |
m d f |
| 007 |
cr bn mmmapmmp |
| 008 |
101221s2008 dcu o f000 0 eng d |
| 005 |
20260430170209.0 |
| 035 |
|
|
|a cis2007865111
|
| 040 |
|
|
|a ProQuest
|c ProQuest
|d UtOrBLW
|
| 043 |
|
|
|a n-us---
|
| 099 |
|
|
|a CRS-2008-FDT-0704
|
| 110 |
2 |
|
|a Library of Congress.
|b Congressional Research Service.
|
| 245 |
1 |
0 |
|a Iraq :
|b Post-Saddam Governance and Security.
|
| 264 |
|
1 |
|a [Place of publication not identified] :
|b [publisher not identified],
|c 2008.
|
| 300 |
|
|
|a 1 online resource.
|
| 336 |
|
|
|a text
|b txt
|2 rdacontent
|
| 337 |
|
|
|a computer
|b c
|2 rdamedia
|
| 338 |
|
|
|a online resource
|b cr
|2 rdacarrier
|
| 500 |
|
|
|a Record is based on bibliographic data in ProQuest U.S. Congressional Research Digital Collection (last viewed Dec. 2010). Reuse except for individual research requires license from ProQuest, LLC.
|
| 500 |
|
|
|a CRS Report.
|
| 520 |
|
|
|a Reviews current issues concerning the U.S.-led war to remove Iraqi President Saddam Hussein and his Ba'ath Party regime. Provides background on U.S. policy in the 1990s, including major factions opposed to Saddam Hussein and Clinton Administration policy. Discusses Operation Iraqi Freedom and post-war governance and transition issues, including the handover of sovereignty to Iraqis, democratic reform and elections, Maliki Government and milestones, and economic reconstruction and U.S. assistance. Examines security challenges and options concerning insurgent and sectarian violence, outlines debate over the withdrawal of U.S. and coalition forces, and discusses policy options for stabilizing Iraq.
|
| 500 |
|
|
|a Electronic resource.
|
| 650 |
|
0 |
|a Economic development.
|
| 650 |
|
0 |
|a Elections.
|
| 650 |
|
0 |
|a Economic assistance.
|
| 655 |
|
7 |
|a Electronic books.
|2 local
|
| 710 |
2 |
|
|a ProQuest (Firm)
|
| 776 |
0 |
8 |
|i Microfiche version:
|a Library of Congress. Congressional Research Service.
|t Iraq
|
| 830 |
|
0 |
|a U.S. Congressional Research.
|
| 856 |
4 |
0 |
|u http://proxy.library.tamu.edu/login?url=https://congressional.proquest.com/congcomp/getdoc?CRDC-ID=CRS-2008-FDT-0704
|z Connect to the full text of this electronic book
|t 0
|
| 999 |
|
|
|a MARS
|
| 999 |
f |
f |
|s f8bdbac1-f110-3aa9-b521-6f20705da844
|i 76c264e8-5c0e-302a-906f-b6419df67fc9
|t 0
|
| 952 |
f |
f |
|a Texas A&M University
|b College Station
|c Electronic Resources
|s www_evans
|d Available Online
|t 0
|e CRS-2008-FDT-0704
|h Other scheme
|
| 998 |
f |
f |
|a CRS-2008-FDT-0704
|t 0
|l Available Online
|